000 00586cam a2200193 4500
001 D4158
008 090401t1955 xxu||||| |||| 00| 0 eng d
035 _a(Sirsi) u76785
041 _aeng
050 _a692.3095695
110 _aAir Ministry
_91061
245 _aRules of measurement for the preparation and adjustment of bills of quantities for air ministry contracts in Jordan where tenders invited in U.K. or overseas.
260 _aLondon
_bAir Ministry
_c1955
300 _a16p. 33cm
350 _a0
520 _aFiled at SMM 1955/1BCD
942 _n0
948 _c04/03/1997
999 _c96247
_d96247